MDQL
is popping MORE tags! Check the
thread
!
Quizzes
Events
Quiz Creation
Community
Videos
Private Events
Remove Ads
Sign In
Join for FREE
Feedback
Dark Mode
Quiz Categories
Sports
Geography
Music
Movies
Television
Just For Fun
Miscellaneous
History
Literature
Language
Science
Gaming
Entertainment
Religion
Holiday
For Kids
Quiz Lab
Recent
Popular Today
Quiz Kudos Today
Editor Picks
Curator Picks
Quizzes by...
Day
Popularity
Type
Ratings
Length
Year
Community
Subscriptions
Recent Discussions
Orange Saloon
Badges
Playlists
Quests
Create
Leaderboards
Showdown
Live 5
Trivia Bingo
Activity
Puzzle Library
Sporcle Events
Private Events
Virtual Trivia
Globe League
Become a Host
Pub Owners
SporcleCon
Opinionation
Our Games
Videos
Blog
Mobile Apps
Partnerships
Remove Ads and Go Orange
Feedback
Entertainment
Celebrity
Famous
Musical
Broadway
Show
Quote
Comic Books
Anime
Superhero
DC Comics
Marvel
Cartoons
Animation
Entertainment
Celebrity
Famous
Musical
Broadway
Show
Quote
Comic Books
Anime
Superhero
DC Comics
Marvel
Cartoons
Animation
Random Quiz
Search Sporcle
×
Quiz Lab
Quiz Lab
Entertainment
Character
Type in answers that appear in a list
Type in answers that appear in a list
Classic
Best Score? Go Orange.
Fictional Last Words Stats
Can you name the fictional characters by their last words?
By
Detektor
7m
28 Questions
778 Plays
778 Plays
778 Plays
Comments
Comments
Give Quiz Kudos
Give Quiz Kudos
-
- Ratings
hide this ad
Replay
Link that replays current quiz
Next Quiz
Link to next quiz in quiz playlist
You Got
0%
They Got
Avg Score
21%
Avg Friend Score
Upgrade to see
Score Distribution
Jump to the score distribution portion of the page
Score
0/28
Timer
07:00
0
Plays Today
Last Words
Character
% Correct
Live long and prosper.
Mr. Spock
68.9%
Rosebud...
Charles Foster Kane
60.7%
Thus with a kiss I die.
Romeo
55.5%
Who ever thought a little girl like you could destroy my beautiful wickedness? Ah, I'm going! Aaahh!
The Wicked Witch of the West
51.7%
Tell your sister... you were right.
Darth Vader
35%
The rest is silence.
Hamlet
27.8%
Brother, help me!
Mufasa
26.9%
The horror! The horror!
Kurtz
24.3%
For England, James?
Alec Trevelyan
23.5%
Never go in against a Sicilian when death is on the line!
Vizzini
23.1%
Blue! No, yell-
Sir Galahad
20.1%
To the last I grapple with thee; from hell's heart I stab at thee; for hate's sake I spit my last breath at thee!
Captain Ahab
18%
I feel... cold.
Hector Barbossa
17.7%
It won't be a stylish marriage, I can't afford a carriage. But you'll look sweet upon the seat of a bicycle built for two.
HAL 9000
17.1%
Last Words
Character
% Correct
I know now why you cry. But it's something I can never do. Goodbye.
The Terminator
17%
Come on, you can do better than that!
Sirius Black
11.8%
That really was a Hattori Hanzo sword.
O-Ren Ishii
11.6%
Benjamin Barker!
Judge Turpin
10.9%
Is that the best you can do, you pansies?
Marv
10.3%
Clever girl...
Robert Muldoon
10%
It is a far, far better thing that I do, than I have ever done; it is a far, far better rest that I go to than I have ever known.
Sidney Carton
9.9%
Do it!
Rorschach
9.5%
My queen! My wife. My love...
King Leonidas
9.4%
Oh dear, I hadn't thought of that.
God
6.4%
You were always right. It was inevitable.
Neo
5%
Uth laynuma. Chespo kutata kreesta krenko, nyakoska!
Greedo
3.9%
Man hands on misery to man. It deepens like a coastal shelf. Get out as early as you can, and don't have any kids yourself.
Count Olaf
2.3%
How... does... it... feel... to be... so beautiful?
Jame Gumb
1.8%
Quiz Playlist
Details
Report
Send in Message
Add To Playlist
Classic:
Type in answers that appear in a list
Quiz Source
Last Updated: Feb 16, 2017
Quiz Scoreboard
CHALLENGE
Sign Up to Join the Scoreboard
Show All
Scores
Hide
Comments
May contain spoilers
Recently Published
Holiday 10x10 Sorting Gallery
by lukepisani3
Holiday
15m
Two Season TV Shows II
by 123Four
Television
10m
Image Sorting: Flags VI
by Barbecue
Geography
2m
More to Explore
Quiz From the Vault
Featured Blog Post
14 Easter Pick-up Lines to Find Eggs With
hide this ad
You Might Also Like...
Tags
Character
fictional
last
Today's Top Quizzes in Entertainment
Browse Entertainment
hide this ad
Today's Top Quizzes in Character
Browse Character
Top Contributed Quizzes in Entertainment
1
Marvel Classic Character Map
2
Movie-Themed Roller Coasters
3
Dragon Ball Z: Goku's Fights in Order
4
Marvel Characters Bunker
5
Sorting Pictures: Villains
6
Who stole Onew's chicken? (KPOP LOGIC QUIZ)
7
Haikyuu Logic Quiz
8
Celebrity Spelling Bee
9
JoJo's Bizarre Logic Quiz
10
Harry Styles-Are you no.1 fan
Explore More
Trending Topics
NBA
Anime
Disney
Harry Potter
Marvel
Kpop
Crossword
WWE
NFL
The Office
Puzzle
Pokémon
Soccer
Country
Song
hide this ad
More By:
Detektor
Quiz
Plays
Rating
Category
Featured
Created
'And' Idioms
221,402
4.41
Language
Jan 8, 2010
Presidential Education
142,836
4.28
History
Feb 8, 2010
Most-Published Comic Book Characters
107,789
3.99
Entertainment
Dec 1, 2009
IPA Pronunciation
99,277
4.54
Language
Apr 30, 2010
Marvel Superheroes by Profession
69,004
3.64
Entertainment
Jun 25, 2010
Go to Creator's Profile
Score Distribution
Quiz Creator Spotlight
Detektor
Follow
Send a Message
Quizzes Created
-
Created Quiz Play Count
-
More By This Creator
Popular Quizzes Today
1
Find the US States - No Outlines Minefield
2
Colored Red Africa Blitz
3
Find the 'City' Movie
4
The Countries of the World
5
5x2 Blitz: Bands
6
Find the Countries of Europe - No Outlines Minefield
7
Find the US States
8
US States
More Entertainment Quizzes
Demon Slayer(kimetsu no Yaiba)
Quiz Lab
Trending Quizzes
Colored Red Europe Blitz I
Colored Red Africa Blitz II
Colored Red Europe Blitz II
Even More Two Season TV Shows
Colored Red Africa Blitz III
Recently Updated
Odd Team Out - Big 4 Players
pecheneg
Quick Pick: 20 Twenties
pecheneg
March Madness Men's Triple Doubles
pecheneg
How Do You Spell That?
pecheneg
Godzilla Movies
pecheneg
Grab Bag: 4-10 Letters
pecheneg
2024 March Madness Bracket
pecheneg
Famous TV Couples
Peacemaker
Champions League XIs: Real Madrid
pecheneg
Largest US Cities 1790-2010
pecheneg
Trending Topics
Disney
Crossword
Kpop
Anime
NBA
Harry Potter
Marvel
Pokémon
Song
The Office
Puzzle
NFL
Country
WWE
Soccer
Your Account Isn't Verified!
In order to create a playlist on Sporcle, you need to verify the email address you used during registration. Go to your
Sporcle Settings
to finish the process.
Report this User
Report this user for behavior that violates our
Community Guidelines
.
Details:
Send Report
Go to the Sporcle.com Mobile Site →
Comments